01620nac a22003611u 4500010001600000022001400016035002300030082001600053090001500069100003400084245004400118246006700162246000700229260004900236300002500285500010300310500001500413500002100428511002800449650001500477650004700492710002700539710002300566710001600589942001400605999001500619952010400634952010400738952010400842952010400946952010401050952010401154 a 846435700 a0740-2880 a(OCoLC)ocm099213310 a809.05bLIT c9953d9953 a20080729 00aLiterature criticism from 1400 to 1800.3 aLiterature criticism from fourteen hundred to eighteen hundred3 aLC aDetroit, Mich. :bGale Research Co.,cc1984- av. :bill. ;c29 cm. aPublisher varies: Gale Research Co., v. 1-v. 8; Gale Research Inc., v. 9-v. 29; Gale Group, v. 30- aDonations. aDonations - AUC. aCatalogued By: Mahitab. 0aCriticism. 0aLiterature, ModernxHistory and criticism.2 aGale Research Company.2 aGale research Inc.2 aGale Group. k809.05LIT c9953d9953 00104070aMAINbMAINc2NDd2008-06-29ePurchasel0o809.05LITp000012589r2022-08-24 00:00:00ybb 00104070aMAINbMAINc2NDd2008-06-29ePurchasel0o809.05LITp000012588r2022-08-24 00:00:00ybb 00104070aMAINbMAINc2NDd2008-06-29ePurchasel0o809.05LITp000012603r2022-08-24 00:00:00ybb 00104070aMAINbMAINc2NDd2008-06-29ePurchasel0o809.05LITp000012602r2022-08-24 00:00:00ybb 00104070aMAINbMAINc2NDd2008-06-29ePurchasel0o809.05LITp000012594r2022-08-24 00:00:00ybb 00104070aMAINbMAINc2NDd2008-06-29ePurchasel0o809.05LITp000012593r2022-08-24 00:00:00ybb